Flags of Capital Cities - Oceania - Statistics

General Stats
  • This quiz has been taken 31 times
  • The average score is 6 of 7
Answer Stats
Picture Answer % Correct
Funafuti
95%
Wellington
95%
Honiara
91%
Majuro
91%
Port Moresby
82%
Port Vila
82%
Suva
77%
No matching quizzes found
Score Distribution
Percent of People with Each Score
Percentile by Number Answered
Your Score History
You have not taken this quiz